[Event "EU-ch 4th"]
[Site "Istanbul"]
[Date "2003.05.31"]
[Round "2"]
[White "Smirin, Ilia"]
[Black "Ivanisevic, Ivan"]
[Result "0-1"]
[WhiteElo "2662"]
[BlackElo "2569"]
[Annotator "Postny,E"]
[PlyCount "86"]
[EventDate "2003.05.30"]
[EventType "swiss"]
[EventRounds "13"]
[EventCountry "TUR"]
[SourceTitle "CBM 096"]
[Source "ChessBase"]
[SourceDate "2003.09.25"]
[SourceVersion "1"]
[SourceVersionDate "2003.09.25"]
[SourceQuality "1"]

1. e4 e5 2. Nf3 Nc6 3. Nc3 Nf6 4. g3 Bb4 5. Bg2 O-O 6. O-O Re8 7. d3 h6 8. Nd5
$146 (8. h3 d5 9. exd5 Nxd5 10. Nxd5 Qxd5 11. c3 Bf8 12. Nd4 Qd6 13. Nxc6 bxc6
14. f4 Ba6 15. fxe5 Qxd3 16. Qxd3 Bxd3 17. Bxc6 Bc5+ 18. Kg2 Bxf1+ 19. Kxf1
Rad8 20. Bxe8 Rxe8 21. Bd2 {1/2-1/2 Vallejo Pons,F-Candela Perez,J/Linares
1998/EXT 99 (21)}) (8. Nh4 Bxc3 9. bxc3 d5 10. exd5 Nxd5 {- see the commented
game Rozentalis,E-Barbeau,S/Montreal 2002/CBM 91 [Postny]}) 8... Bc5 $6 (8...
Nxd5 9. exd5 Nd4 $11) 9. c3 d6 $6 {Allows white to exchange black's
dark-squared bishop under favourable for white circumstances.} 10. b4 Bb6 11.
a4 a5 ({Somewhat more flexible is} 11... a6 12. Nxb6 cxb6) 12. Nxb6 cxb6 13. b5
Ne7 14. h3 Be6 15. Kh2 Ng6 {Black wants to play 16...d5, but unfortunately for
him there is white's turn in this position...} 16. c4 {White has clear
advantage thanks to space advantage and better pawn structure.} Nd7 17. Be3 Rc8
18. Nd2 {Transfering the knight to better pastures.} Rc7 19. Nb1 $1 {[%csl Gd5]
[%cal Yc3d5,Yb1c3]} Nc5 20. Nc3 f5 $1 {The only reasonable plan for black.} 21.
exf5 Bxf5 22. Ra3 Rf7 (22... Bxd3 $2 23. Bxc5 Bxf1 24. Bd5+ Rf7 (24... Kh7 25.
Bxb6 $18) 25. Be3 $18) 23. Nd5 Ne7 24. d4 (24. f4 $6 Nxd5 25. Bxd5 Be6 26. Bg2
e4 $1 $132) 24... exd4 25. Qxd4 Ng6 (25... Nxd5 26. Bxd5 Be6 27. Bg2 $16) 26.
Re1 $2 ({Better would have been} 26. f3 {covering the e4 square.}) 26... Be4 $1
{Provoking white for various tactical operations, which appeares to be in
black's favour.} 27. f3 $2 {The beginning of a very unfortunate tactical
operation.} (27. Bxh6 $6 Bxg2 28. Bg5 $2 (28. Rxe8+ $1 Qxe8 29. Qxg7+ Rxg7 30.
Nf6+ Kf7 31. Nxe8 Rh7 32. Nxd6+ Ke6 33. Kxg2 $13 Rxh6 34. Nc8) 28... Rxe1 29.
Bxd8 Be4 30. f3 Bxf3 31. Rxf3 Rxf3 $40) (27. Bd2 Bxg2 28. Rxe8+ Qxe8 29. Kxg2
Qe2 $132) (27. Qd1 $5 $14) 27... Bxf3 28. Bxf3 (28. Bg5 hxg5 29. Rxe8+ Qxe8 30.
Bxf3 Qe5 $17) 28... Rxf3 29. Bxh6 Ne5 30. Bxg7 (30. Rxe5 dxe5 31. Qg4 Rf7 $19)
30... Rxa3 31. Bxe5 $6 (31. Rxe5 Ra2+ $1 (31... dxe5 32. Qg4 Kf7 33. Bh6 (33.
Qf5+ Kxg7 34. Qg4+ Kh6 $19) (33. Bf6 Ra2+ 34. Kg1 Qxf6 $19) 33... Rg8 34. Qf5+
Ke8 35. g4 $3 $13) 32. Kg1 Rxe5 $1 33. Bxe5 Qg5 $1 34. Nf6+ (34. Bf4 Ne6) 34...
Kg7 35. Ne8+ Kg6 36. Bf4 (36. Qxd6+ Kf7 $19) 36... Qe7 37. Qxd6+ Qxd6 38. Nxd6
Rxa4 $19) 31... Ra2+ 32. Kg1 {[%tqu "En","Find the best move for black.","","",
"d8g5","This move not allows white the check on g4 and decides the game in
black's favour.",12,"e8e5","",0]} Qg5 $1 {[%mdl 256] This move not allows
white the check on g4 and decides the game in black's favour.} (32... Rxe5 $2
33. Rxe5 dxe5 34. Qg4+ {could lead to a perpetual check.}) 33. Nf6+ Qxf6 34.
Qg4+ Kf8 (34... Kf7 $4 35. Qh5+ Kf8 36. Qxe8+ Kxe8 37. Bxf6+ $13) 35. Rf1 (35.
Bxd6+ Qxd6 36. Qf3+ Kg7 37. Rxe8 Qd4+ $19) 35... Qxf1+ 36. Kxf1 Rxe5 {[%csl
Ga2,Gc5,Ge5,Rf1] In the end of the storm white landed in a totally hopeless
position. Black has material advantage and a strong attack on the white king,
while the black king easily escapes out of checks to the queenside.} 37. h4
Ree2 38. h5 Rf2+ 39. Kg1 Rfc2 40. Qf4+ Ke7 41. Qg5+ Kd7 42. Qf5+ Kc7 43. Qf7+
Nd7 0-1

[Event "Minneapolis HB Global op"]
[Site "Minneapolis"]
[Date "2005.05.19"]
[Round "3"]
[White "Perelshteyn, Eugene"]
[Black "Goldin, Alexander"]
[Result "0-1"]
[WhiteElo "2507"]
[BlackElo "2615"]
[Annotator "Postny,E"]
[PlyCount "88"]
[EventDate "2005.05.18"]
[EventType "swiss"]
[EventRounds "9"]
[EventCountry "USA"]
[SourceTitle "CBM 107"]
[Source "ChessBase"]
[SourceDate "2005.08.01"]
[SourceVersion "1"]
[SourceVersionDate "2005.08.01"]
[SourceQuality "1"]

1. e4 e5 2. Nf3 Nc6 3. Nc3 Nf6 4. d4 exd4 5. Nxd4 Bb4 6. Nxc6 bxc6 7. Bd3 d5 8.
exd5 cxd5 9. O-O O-O 10. Bg5 c6 11. Na4 {Objectively speaking, the whole
variation is harmless for black. White is hoping to make benefits from his
preferable pawnstructure in the long term.} ({The alternatives are:} 11. Ne2) (
{and} 11. Qf3 {which is the main line.}) 11... h6 (11... Re8 {- see the
annotated game Sturua,Z-Aleksandrov,A/Batumi 2002/CBM 90 [Postny,E]}) (11...
Bd6 {- see the annotated game Yandemirov,V-Yemelin,V/Krasnoyarsk 2003/CBM 98 
[Postny,E]}) 12. Bh4 Be6 13. c3 Bd6 (13... Be7 14. b4 Nd7 15. Bxe7 Qxe7 16. Re1
a5 17. a3 Qf6 18. Bc2 Bf5 19. Bxf5 Qxf5 $11 {1/2-1/2 Tomescu,V-Romanishin,O/
Reggio Emilia 2002 (40)}) 14. Bc2 c5 (14... Re8 15. Qd4 Qe7 16. Rae1 c5 17.
Bxf6 Qxf6 18. Nxc5 Qxd4 19. cxd4 Bxc5 20. dxc5 Rab8 21. Bb3 Rec8 22. Rc1 Rb5
23. f4 Rbxc5 24. Rxc5 Rxc5 $11 {1/2-1/2 Nakamura,H-Aleksandrov,A/Reno 1999 (60)
}) 15. Qf3 $6 $146 {The whole idea of the exchange on f6 is harmless for black.
} ({More to the point would have been.} 15. Qd3 Re8 16. Rae1 Rc8 17. Bxf6 Qxf6
18. Qh7+ Kf8 19. f4 Ke7 20. f5 Qh4 21. h3 (21. g3 Bxg3 22. hxg3 Qxg3+ 23. Kh1
Qh3+ $11) 21... Qg3 22. fxe6 Qh2+ 23. Kf2 Bg3+ 24. Kf3 Bxe1 25. Rxe1 Kd6 26. e7
Rxe7 27. Rxe7 Kxe7 28. Qxg7 $2 (28. Qf5 Rc6 29. Qxd5 Rf6+ 30. Ke2 Re6+ 31. Kf3
Rf6+ $11) 28... Rc6 $19 {[%cal Rc6f6] 0-1 Maksimov,M-Markov,A/Kaluga 1996 (45)}
) 15... Rc8 16. Bxf6 Qxf6 17. Qxf6 gxf6 {This endgame is typical for this
opening variation. Black's pawn structure on the kingside is seriously damaged,
but his chances are at least not worse thanks to his pair of strong bishops,
especially the dark-squared one.} 18. Rad1 Rfd8 19. f4 f5 ({Dubious is} 19...
d4 20. b3 {[%cal Gc3c4]}) 20. Rf3 Kg7 21. g3 Be7 {The bishop will occupy the
long diagonal, where it will put pressure on White's queenside pawns.} 22. b3
Bf6 23. Rfd3 c4 24. R3d2 (24. bxc4 d4 25. cxd4 Rxc4 26. Bb3 Rcxd4 27. Rxd4 Rxd4
28. Rxd4 Bxd4+ 29. Kf1 Bd7 $1 {Black has good winning chances because White's
knight is out of play and the kingside pawns are vulnerable as well.} (29...
Bxb3 $2 30. axb3 a5 31. Ke2 h5 32. Kd3 Bg1 33. Ke2 Bxh2 34. Kf3 $11)) 24... Re8
25. Kf2 Rc6 $1 {Now, black is threatening Rc6-a6-xa4 followed by Bxc3 getting
two passed pawns in the centre, so White's next move is practically forced.}
26. bxc4 dxc4 27. Rb1 {White took control over the d- and b-file, but his
knight is the real problem.} Rc7 28. Rb5 Bd7 29. Rc5 Rxc5 30. Nxc5 Bb5 31. a4
$2 {The decisive mistake.} ({Necessary was} 31. Ba4 Rc8 32. Bxb5 Rxc5 33. a4
Bxc3 34. Rc2 Bd4+ 35. Ke2 c3 $15) 31... Bxc3 32. Rd5 Bc6 33. Rd6 (33. Rxf5 Bd4+
34. Kf1 Bf3 $1 $19 {[%csl Rf1][%cal Re8e3,Re3c3,Rc3c1]}) 33... Ba8 34. Nd7 Re1
35. Bxf5 Rh1 36. Ne5 Rxh2+ 37. Kf1 Bxe5 38. fxe5 c3 {This passed pawn will
cost white a piece.} 39. Rd7 c2 40. Bxc2 Rxc2 41. e6 Bg2+ $1 42. Kg1 Bh3 43.
Rxf7+ Kg6 44. Rxa7 Bxe6 0-1

[Event "Bucharest Kings 6th"]
[Site "Bucharest"]
[Date "2012.11.13"]
[Round "6"]
[White "Nisipeanu, Liviu Dieter"]
[Black "Caruana, Fabiano"]
[Result "1/2-1/2"]
[WhiteElo "2668"]
[BlackElo "2786"]
[Annotator "Postny,E"]
[PlyCount "63"]
[EventDate "2012.11.07"]
[EventType "tourn"]
[EventRounds "6"]
[EventCountry "ROU"]
[EventCategory "20"]
[SourceTitle "CBM 152"]
[Source "ChessBase"]
[SourceDate "2013.01.15"]
[SourceVersion "1"]
[SourceVersionDate "2013.01.15"]
[SourceQuality "1"]

1. e4 e5 2. Nf3 Nc6 3. Nc3 Nf6 4. d4 exd4 5. Nxd4 Bb4 6. Nxc6 bxc6 7. Bd3 O-O
8. O-O d5 9. exd5 cxd5 10. h3 {This quiet continuation gained popularity after
the encounter Kramnik-Aronian from the recent Tal Memorial supertournament.
I've annotated that game and don't believe that this move can cause Black
serious problems. However, practice shows that Black still has to play
precisely and not every possible move leads to equality.} ({The main line goes:
} 10. Bg5 c6 {and here White has a wide choice of plans.}) 10... Be6 (10... Re8
11. Qf3 c6 12. Bf4 Bd7 13. a3 Bxc3 $6 (13... Bf8 {is satisfactory for Black.})
14. bxc3 Ne4 15. Rfe1 Qf6 16. Bxe4 dxe4 17. Qe3 $14 {1/2-1/2 Kramnik,V (2801)
-Aronian,L (2825)/Moscow 2012/CB24_2012 (40)}) 11. Ne2 $146 {A logical attempt
to improve on White's previous play. The knight is going to d4 or f4,
harassing black's light-squared bishop.} (11. Qf3 Be7 12. Ne2 c5 13. c3 Rb8 14.
b3 Rb6 15. Ng3 g6 16. Bg5 {1/2-1/2 Filippov,A (2617)-Sokolov,I (2699)/Sibenik
2012/CB39_2012}) 11... Bd6 (11... c5 12. c3 Ba5 13. Nf4 Qd6 14. Nxe6 fxe6 15.
c4 {is slightly better for White.}) 12. Nd4 c5 $6 {Black should not allow the
exchange on e6.} (12... Bd7 {It seems that Black lost a tempo by playing
Bc8-e6-d7, but, in fact the white knight will be kicked away by c7-c5 as well.}
13. c4 (13. Bg5 $6 {is met by} h6) (13. Nf5 Bxf5 14. Bxf5 Re8 {is not a worry
for Black. Compared to the game, here his kingside pawn structure remains
intact.}) 13... c5 14. Nf3 d4 15. b4 cxb4 16. Bb2 Re8 17. Nxd4 Be5 18. Re1 Qc7
$11) 13. Nxe6 fxe6 14. c4 $14 {Now the weakness of the light squares in
Black's camp becomes a factor. He really needs one more pawn on f7.} Qc7 15.
Bg5 Be5 $6 (15... Bf4 $6 16. Bxf6 Rxf6 17. cxd5 c4 (17... exd5 $2 18. Qh5 $16 {
[%csl Rd5,Rh7]}) 18. d6 $1 Qc5 (18... Qxd6 19. Bxc4 $16) (18... Bxd6 19. Rc1
$16) 19. Qc2 Bxd6 20. Bxc4 $16) (15... d4 16. f4 e5 17. Bxf6 Rxf6 18. f5 {
White is slightly better. He has an excellent blockade on the light squares.
Later he can try to advance his kingside pawns. Still, for Black this would be
safer than in the game.}) 16. Qe2 h6 17. Bh4 Kh8 (17... Rae8 18. Bg6 Re7 19.
Rae1 Bd6 20. Qd3 {is very unpleasant for Black. White can follow with doubling
the rooks on the e-file.}) 18. Rae1 Bd4 19. Bxf6 $1 Rxf6 20. cxd5 e5 {The
recapture on d5 wasn't possible, so Black lost a pawn.} (20... exd5 $4 21. Qe8+
Rf8 22. Qg6 Kg8 23. Qh7+ Kf7 24. Bg6+ Kf6 25. Bh5 $18 {A good illustration for
the weakness of the light squares.}) 21. Qe4 g6 22. d6 $6 {This looks tempting
but, if White does't find anything concrete, this pawn would be lost.
Objectively, it's very difficult to achieve any progress for White. Black has
managed to stabilise his position and opposite coloured bishops hint at a draw
as usual.} ({The best way for White would be to improve his position slowly.
For instance:} 22. Kh1 Raf8 23. b3 Kg7 24. f3 Qd6 25. Bc4 a5 26. Qc2 Rb8 27.
Re4 {and try to figure out the plan later. One of the ideas could be placing
the queen on d2, followed by g2-g3 and f3-f4.}) 22... Qd8 23. Kh1 (23. d7 Rb8
24. Qd5 Rbb6 $11 {[%cal Gb6d6]}) (23. Re3 Rb8 24. Rg3 Qxd6 $11) 23... Rb8 (
23... Bxb2 $2 {This naive capture would allow the opponent to break through
the centre.} 24. d7 Rb8 25. f4 Qxd7 26. fxe5 Re6 27. Bc4 Rxe5 28. Qxg6 Rxe1 29.
Rxe1 {and White is nearly winning.}) 24. f4 exf4 25. Rxf4 Qxd6 26. Rxf6 Qxf6
27. Rf1 Qd6 28. b3 (28. Rf7 Bxb2 29. Rxa7 Be5 $11) 28... Kg7 {Now the position
is just equal. Both sides control their own squares.} 29. Qf3 Bf6 30. Qe4 Bd4
31. Bc4 Bf6 32. Bd3 1/2-1/2

[Event "WchT 5th"]
[Site "Yerevan"]
[Date "2001.10.16"]
[Round "5.2"]
[White "Mahjoob, Morteza"]
[Black "Safin, Shukhrat"]
[Result "1/2-1/2"]
[WhiteElo "2366"]
[BlackElo "2538"]
[Annotator "Postny,E"]
[PlyCount "72"]
[EventDate "2001.10.12"]
[EventType "team-tourn"]
[EventRounds "9"]
[EventCountry "ARM"]
[SourceTitle "CBM 086"]
[Source "ChessBase"]
[SourceDate "2002.02.05"]
[SourceVersion "1"]
[SourceVersionDate "2002.02.05"]
[SourceQuality "1"]
[WhiteTeam "Iran"]
[BlackTeam "Uzbekistan"]
[WhiteTeamCountry "IRI"]
[BlackTeamCountry "UZB"]

1. e4 e5 2. Nf3 Nc6 3. Nc3 Nf6 4. d4 exd4 5. Nd5 $6 {This gambit is a risky
one and not so popular nowadays, but the precise play is required from both
sides.} Nxe4 {The main and the most critical line.} 6. Qe2 f5 7. Ng5 d3 $1 {
[%csl Yd4]} 8. cxd3 Nd4 9. Qh5+ g6 10. Qh4 c6 $1 11. dxe4 cxd5 12. exd5 Bg7 ({
Bad is} 12... Nc2+ $2 13. Kd1 Nxa1 14. Qd4 h6 (14... Rg8 15. d6 Bxd6 16. Bc4)
15. Bc4 Qe7 16. Qxh8 Qg7 17. Re1+ Kd8 18. d6 {1-0 Sparic,N-Rajkovic,D/Cetinje
1992/EXT 97 (18)}) ({Another theoretical continuation is} 12... Qa5+ {Several
games were drawn with a following amazing variation:} 13. Kd1 Qxd5 14. Bc4 Qxc4
15. Re1+ Be7 16. Rxe7+ Kxe7 17. Ne4+ Ke6 18. Qf6+ Kd5 19. Nc3+ Kc5 20. b4+ Kxb4
21. Qd6+ Ka5 22. Qa3+ Kb6 23. Qd6+ Ka5 24. Qa3+ {with a perpetual.}) 13. Qg3 $2
{Surprisingly, but this is not the first time, that this bad move is appearing
in practice.In such a sharp variation the price of every is quite high.} (13.
Kd1 h6 14. Nf3 Nxf3 15. Qxd8+ Kxd8 16. gxf3 d6 17. f4 $11 {1/2-1/2 Van der
Weide,K-Timmermans,I/Sas van Gent 1996/EXT 98 (26)}) 13... O-O {That's the
point. White's Q on h4 did not allow to black's K to castle so fast.} ({
By the way "Why not to take the rook?" asks Fritz...} 13... Nc2+ 14. Kd1 Nxa1
15. d6 Qf6) 14. Bd3 $146 (14. Bc4 b5 15. Bb3 Qe8+ 16. Qe3 Bb7 17. O-O Qxe3 18.
Bxe3 Nxb3 19. axb3 Bxd5 20. Rfd1 Bc6 $17 {1/2-1/2 Fabian,J-Ballbe Anglada,F/
Oberhausen 1961/EU-chT (52)}) (14. d6 Qa5+ 15. Bd2 Re8+ 16. Kd1 Qa4+ 17. b3
Nxb3 18. Bc4+ Qxc4 19. axb3 Qg4+ 20. Qxg4 fxg4 21. Ra4 h6 22. Re4 (22. Ne4 b5
23. Rb4 a5 $19) 22... Rf8 $19 {Mishuchkov,N-Malinin,V /URS/corr. 1991/}) 14...
Qa5+ 15. Bd2 (15. Kf1 Qxd5 $17) 15... Re8+ 16. Kd1 Qa4+ 17. b3 (17. Kc1 $2 Nb3+
$19) 17... Nxb3 18. Bc2 Qd4 19. Bxb3 Qxa1+ 20. Bc1 Qd4+ 21. Bd2 Qa1+ 22. Bc1
Qd4+ 23. Bd2 d6 $1 {Of course black should not give a perpetual with an
exchange up.} 24. Qxd6 Be5 (24... Qg4+ $2 25. f3 Qxg2 26. Re1) (24... Qxf2 $2
25. Qc7) 25. Qb4 {25.Qa3 could make the things worse only for white, since
d5-d6 is not really a threat and white's K is quite is exposed.} Bd7 26. Qxd4 (
26. d6+ Kg7 27. Qxb7 Rad8 $19) 26... Bxd4 {After the exchange of queens white
has no chances to create an attack on black's K. This means, that white has no
compensation for the material deficit.} 27. h4 h6 (27... Bxf2 $2 28. h5) 28.
Ne6 Bxe6 29. dxe6 Kg7 30. Ke2 Bf6 {The rest of the game should be the matter
of technic.} 31. g3 Rac8 32. a4 b6 33. Rb1 h5 34. Be3 Re7 35. Bf4 Rc5 $4 {
[%mdl 8192] This slip throws away all black's chances for a win.} (35... Rc6 {
with an excellent winning chances.}) 36. Bd6 {Certainly overlooked by black.}
Rc3 1/2-1/2

[Event "UKR-ch"]
[Site "Ordzhonikidze"]
[Date "2001.09.09"]
[Round "2"]
[White "Golubev, Mikhail"]
[Black "Fedorchuk, Sergey A"]
[Result "1-0"]
[WhiteElo "2526"]
[BlackElo "2490"]
[Annotator "Postny,E"]
[PlyCount "77"]
[EventDate "2001.09.08"]
[EventType "swiss"]
[EventRounds "9"]
[EventCountry "UKR"]
[SourceTitle "CBM 086"]
[Source "ChessBase"]
[SourceDate "2002.02.05"]
[SourceVersion "1"]
[SourceVersionDate "2002.02.05"]
[SourceQuality "1"]

1. e4 e5 2. Nf3 Nc6 3. Nc3 Nf6 4. d4 exd4 5. Nxd4 Bb4 6. Nxc6 bxc6 7. Bd3 O-O {
The main line starts with 7...d5.} 8. O-O Re8 {Also here 8...d5 would lead to
the main variation.} 9. Bg5 (9. Qf3 Bd6 $5 10. Bf4 Bxf4 11. Qxf4 d6 12. Qh4 Rb8
13. f4 Rxb2 14. e5 dxe5 15. fxe5 Rxe5 16. Bxh7+ Kf8 17. Bg6 Kg8 (17... fxg6 $6
18. Qh8+ Ke7 19. Qxg7+ Ke6 20. Rae1 $40) 18. Bh7+ Kf8 19. Bg6 Kg8 20. Bh7+ {
1/2-1/2 Rausis,I-Comp Virtual Chess/Clichy 1997/EXT 2000 (20)}) 9... h6 10. Bh4
d5 $6 {Leads to an uncomfortable position for black.} (10... d6 11. f4 (11. Re1
$5) 11... Bb7 12. Kh1 Bxc3 13. bxc3 c5 14. Re1 Re6 15. c4 (15. Qf3 $142) 15...
Qe7 16. Qf3 Re8 17. Rab1 Bxe4 18. Bxf6 gxf6 $17 {0-1 Puc,S-Planinec,A/
Ljubljana/Portoroz 1973/EXT 98 (20)}) 11. exd5 Bxc3 {The consequence of
black's previous move.Black has to make this exchange, allowing white to get
the pair of strong bishops in an open position.} ({No good is} 11... cxd5 $2 {
due to} 12. Bxf6 {[%csl Rd5][%cal Gc3d5]}) 12. bxc3 cxd5 13. Re1 {White has
small, but continious advantage, thanks to pair of the strong bishops, as well
as the pin on the diagonal h4-d8 is quite an unpleasant for black.} Rxe1+ 14.
Qxe1 Be6 15. Rd1 $1 $146 {[%cal Gc3c4,Rd1d8]} (15. Qe3 c6 16. Qd4 g5 17. Bg3
Nh5 18. Re1 Qb6 19. Bd6 Qxd4 20. cxd4 Nf4 21. Bxf4 gxf4 22. Rb1 Rd8 $14 {
1/2-1/2 Redolfi,A-Eliskases,E/Mar del Plata 1956/EXT 2000 (31)}) 15... c6 (
15... c5 16. c4 d4 17. c3 $16 Rc8 18. h3 g5 19. Bg3 Nd7 20. f4 $16) 16. c4 Rb8
$6 {Surprisingly, but this is not the perfect place for the rook.} (16... Qe7
17. cxd5 (17. Qe5 dxc4 18. Bxc4 Re8) 17... cxd5 18. Qe5 Re8 19. Bb5 Bg4 20.
Qxe7 Rxe7 21. f3 {+/=/+/-}) 17. Qe5 {This move was probably underrated by
black.} Rc8 (17... Nd7 $2 18. Bxd8 Nxe5 19. Bc7 $18) 18. cxd5 cxd5 19. Qd4 {
[%csl Gd4]} Qe7 (19... a5 {[%tqu "En","Please enter a move for white.","","",
"c2c4","",10]} 20. c4 $1 dxc4 $5 (20... Qf8 21. Bxf6 dxc4 22. Be4 gxf6 23. Qxf6
$16 {[%csl Rg8]}) 21. Qxd8+ Rxd8 22. Bh7+ Kxh7 23. Rxd8 g5 24. Bg3 c3 25. Rd6
c2 (25... Ne4 26. Rc6 Bxa2 27. f3 $16) 26. Rc6 Bf5 27. Kf1 {Despite the strong
passed pawn, black has not many chances for a draw.}) 20. Bxf6 Qxf6 {Of course
20...gf will lead to a disaster for black's K.} 21. Qxa7 Bf5 22. Qb7 Qe6 23.
Qb3 (23. Bxf5 $2 Qxf5 $11) 23... Bxd3 24. Qxd3 Qc6 ({Probably the best chance
was} 24... d4 $5 25. a4 Qc4 26. a5 (26. Qxd4 Qxd4 27. Rxd4 Rxc2 {with
theoretical draw chances.}) 26... Qa2 27. Qxd4 Qxa5) 25. h3 Qxc2 26. Qxd5 Rb8
$6 (26... Qc4 {Only in rooks endgame black has more or less reasonable drawing
chances.For instanse:} 27. Qxc4 Rxc4 28. Ra1 Ra4 29. a3 Kf8 30. Kf1 Ke7 31. Ke2
Kd6 32. Kd3 Kc5) 27. a3 Rb3 (27... Rb2 28. Qf3 $1 {defending on f2 and
threatening 29.Rd8 and 30.Qf7.}) 28. Re1 Rb8 ({The best practical chance was:} 
28... Rxa3 29. Re8+ Kh7 30. Qxf7 Ra6 {I am sure, that white is winning here
somehow, but in practice there is not an easy task.}) 29. Qd7 {[%csl Rf7]} Rf8
30. a4 {White's plan is quite simple-the advance of the "a" pawn.} Qc3 31. Rb1
Ra8 32. Qd5 Qc8 33. a5 {Now it's clear, that black's position is lost. His
pieces are passive and white's passed pawn is very strong.} Ra6 34. g3 Qc7 35.
Rb7 Qc1+ 36. Kg2 Rf6 37. Rb8+ Kh7 38. Qe4+ g6 39. Qe8 {I suspect, that black
lost on time, but anyway after 39...Qc6 40.Qc6 Rc6 41.Rb4 /\ 42.Ra4 the
endgame is theoretically lost...(Like in the last game of the match
Alekhin-Capablanca in 1927!)} 1-0